| 000 | 00707nam a22002057a 4500 | ||
|---|---|---|---|
| 999 |
_c15725 _d15725 |
||
| 003 | AR-CdUCM | ||
| 008 | 190429b ||||| |||| 00| 0 spa d | ||
| 040 |
_aMUNICIPALIDAD PROVINCIAL DEL CUSCO _cBIBLIOTECA MUNICIPAL DEL CUSCO |
||
| 082 |
_23ed _a796.08 / _bJ92 / 1960 |
||
| 110 |
_aEl Budokwai _934898 |
||
| 245 | _aJudo / | ||
| 260 |
_aBarcelona : _bScientia, _c1960. |
||
| 300 |
_a30 páginas ; _bIlustraciones, _c13 cm. |
||
| 505 | _aContenido: Reglas de la lucha -- Vestido -- Lugar de competición -- Autoridades del combate -- El combate. | ||
| 650 |
_aArtes marciales _934899 |
||
| 650 |
_aKatare _934900 |
||
| 650 |
_aBarcelona España _934901 |
||
| 942 |
_2ddc _cLIBROS |
||
| 945 |
_adavv _d29/04/2019 |
||